00293nam a2200121Ia 4500008004100000041000800041082001200049100001700061245001800078260004000096300002400136365001100160240624s9999 xx 000 0 und d aeng a823 SID aSIDHWA BAPSI aWATER A NOVEL c2006aNew DelhibPenguin Book India a201 : p. : cm. ; 25 cRSb20